Múzeum a galéria fotografie v Bratislave

Na minha lista:
Detalhes bibliográficos
Autor principal: Uhlík, Matej (Author)
Outros Autores: Polomová, Beata (Thesis advisor)
Formato: Manuscrito Livro
Idioma:eslovaco
Publicado em: Bratislava 2016
Assuntos:
Acesso em linha:http://is.stuba.sk/zp/portal_zp.pl?podrobnosti=102923
Tags: Adicionar Tag
Sem tags, seja o primeiro a adicionar uma tag!

MARC

LEADER 00000ntm a22000003a 4500
001 stuzp57602
003 SK-STU
005 20210219105651.7
007 ta
008 150427s2015----xo-----f-mn---000-0-slo-d
040 |a STU  |b slo 
041 0 |a slo 
100 1 |a Uhlík, Matej  |u 053130  |4 aut  |U FAD Fakulta architektúry  |T FA Ústav dejín a teórie architektúry a obnovy pamiatok  |X 70345  |U A3130  |Y 394  |7 70345 
242 0 1 |a Museum and Gallery of Photography in Bratislava  |y eng 
245 1 0 |a Múzeum a galéria fotografie v Bratislave 
260 |c 2016  |a Bratislava 
650 4 |a kompozícia  |2 slo 
650 4 |a verejný priestor  |2 slo 
650 4 |a múzeum  |2 slo 
650 4 |a museum  |2 eng 
650 4 |a composition  |2 eng 
650 4 |a public space  |2 eng 
700 1 |a Polomová, Beata  |u 053130  |k Z1  |4 ths  |U FAD Fakulta architektúry  |T FA Ústav dejín a teórie architektúry a obnovy pamiatok  |X 4781  |U A3130  |Y 394  |7 A000004781 
856 4 |u http://is.stuba.sk/zp/portal_zp.pl?podrobnosti=102923  |u https://opac.crzp.sk/?fn=detailBiblioForm&sid=432D5F57058EEAA050952E61F036 
SQL |a stuzp57602  |b DBP  |c SLO  |d Múzeum a galéria fotografie v Bratislave  |e 70345  |f Uhlík, Matej  |g 053130  |h 4781  |i Polomová, Beata  |j 20160610  |k 149  |l 05  |m http://is.stuba.sk/zp/portal_zp.pl?podrobnosti=102923  |n B-AU  |o 5.1.1. architektúra a urbanizmus